| 000 | 00721nam a22002177a 4500 | ||
|---|---|---|---|
| 999 |
_c7201 _d7201 |
||
| 003 | OSt | ||
| 005 | 20210909124439.0 | ||
| 008 | 210909b ||||| |||| 00| 0 eng d | ||
| 040 | _cNLM | ||
| 082 |
_aWK7 M49.W 2019 _bM49.W 2019 |
||
| 100 |
_aShlomo, Melmed: Kenneth S, Polonsky _914803 |
||
| 245 | _aWilliams textbook of endocrinology | ||
| 260 |
_aPhiladelphia : _b Elsevier/Saunders, _cc2001. |
||
| 300 |
_axi,358p. : _bill. (chiefly col.) ; _c29 cm. |
||
| 504 | _aIncludes bibliographical references and indexes. | ||
| 650 |
_aEndocrinology. _92229 |
||
| 650 |
_aEndocrine glands -- Diseases. _914804 |
||
| 650 |
_aEndocrine Glands. _914805 |
||
| 650 |
_aEndocrine System Diseases. _914806 |
||
| 942 |
_2z _cBOOK |
||